Name All Directors of Science and Technology Policy - Statistics

General Stats
  • This quiz has been taken 3 times
  • The average score is 17 of 25
Answer Stats
Years Served President Answer % Correct
(Acting) 1998 Bill Clinton Kerri-Ann Jones
100%
(Acting) 1985 Ronald Reagan Richard Johnson
100%
(Acting) 2022 Joe Biden Alondra Nelson
67%
2022 - 2025 Joe Biden Arati Prabhakar
67%
(Acting) 1981 Ronald Reagan Benjamin Huberman
67%
(Acting) 2001 George W. Bush Clifford Gabriel
67%
2021 - 2022 Joe Biden Eric Lander
67%
1977 - 1981 Jimmy Carter Frank Press
67%
1976 - 1977 Gerald Ford Guyford Stever
67%
1993 - 1998 Bill Clinton Jack Gibbons
67%
2001 - 2009 George W. Bush Jack Marburger
67%
1981 - 1985 Ronald Reagan Jay Keyworth
67%
2009 - 2017 Barack Obama John Holdren
67%
(Acting) 1985 Ronald Reagan John McTague
67%
(Acting) 2021 Joe Biden Kei Koizumi
67%
2019 - 2021 Donald Trump Kelvin Droegemeier
67%
2025 - Present Donald Trump Michael Kratsios
67%
1998 - 2001 Bill Clinton Neal Lane
67%
(Acting) 2001 George W. Bush Rosina Bierbaum
67%
(Acting) 2009 Barack Obama Ted Wackler
67%
(Acting) 2017 - 2019 Donald Trump Ted Wackler
67%
(Acting) 1989 George H.W. Bush Thomas Rona
67%
1985 - 1989 Ronald Reagan, George H.W. Bush William Graham
67%
(Acting) 1989 George H.W. Bush William Wells
67%
1989 - 1993 George H.W. Bush Allan Bromley
33%
No matching quizzes found
Score Distribution
Percent of People with Each Score
Percentile by Number Answered
Your Score History
You have not taken this quiz